The sociology of law: a social-structural perspective

Gespeichert in:  
Bibliographische Detailangaben
Beteiligte: Evan, William M. 1922- (BeteiligteR)
Medienart: Druck Buch
Sprache:Englisch
Veröffentlicht: New York [u.a.] Free Pr. [u.a.] 1980
In:Jahr: 1980
Bestand in Tübingen:In Tübingen vorhanden.
UB: KB 12 A 302
Verfügbarkeit prüfen: HBZ Gateway
Subito Bestelldienst: Jetzt bestellen.
Schlagwörter:

MARC

LEADER 00000cam a2200000 c 4500
001 197379974
003 DE-627
005 20251222204908.0
007 tu
008 960428s1980 xxu||||| 00| ||eng c
020 |a 0029097606  |9 0-02-909760-6 
035 |a (DE-627)197379974 
035 |a (DE-576)009052089 
035 |a (DE-599)GBV197379974 
035 |a (OCoLC)632757097 
035 |a (OCoLC)06454788 
035 |a (DE-604)8064145166 
040 |a DE-627  |b ger  |c DE-627  |e rakwb 
041 |a eng 
044 |c XD-US 
050 0 |a K376 
082 0 |a 340.115 
084 |a MS 6800  |2 rvk  |0 (DE-625)rvk/123768: 
084 |a PI 5000  |2 rvk  |0 (DE-625)rvk/136633: 
245 0 4 |a The sociology of law  |b a social-structural perspective  |c ed. by William M. Evan 
264 1 |a New York [u.a.]  |b Free Pr. [u.a.]  |c 1980 
300 |a XVI, 653 S 
336 |a Text  |b txt  |2 rdacontent 
337 |a ohne Hilfsmittel zu benutzen  |b n  |2 rdamedia 
338 |a Band  |b nc  |2 rdacarrier 
583 1 |a Archivierung prüfen  |c 20200919  |f DE-640  |z 3  |2 pdager 
583 1 |a Archivierung prüfen  |c 20240324  |f DE-4165  |z 3  |2 pdager 
650 0 |a Sociological jurisprudence 
689 0 0 |d s  |0 (DE-588)4048837-8  |0 (DE-627)104814330  |0 (DE-576)209079452  |a Rechtssoziologie  |2 gnd 
689 0 |5 (DE-627) 
700 1 |8 1\p  |a Evan, William M.  |d 1922-  |0 (DE-588)124253296  |0 (DE-627)085739030  |0 (DE-576)294089322  |4 oth 
700 1 |8 2\p  |a Evan, William M.  |d 1922-  |e Hrsg.  |0 (DE-588)124253296  |0 (DE-627)085739030  |0 (DE-576)294089322  |4 edt 
883 |8 1\p  |a cgwrk  |d 20241001  |q DE-101  |u https://d-nb.info/provenance/plan#cgwrk 
883 |8 2\p  |a cgwrk  |d 20241001  |q DE-101  |u https://d-nb.info/provenance/plan#cgwrk 
889 |w (DE-627)425878538 
935 |i mdedup 
935 |i Blocktest 
936 r v |a MS 6800  |b Allgemeines, Recht und Gesellschaft  |k Soziologie  |k Spezielle Soziologien  |k Rechtssoziologie  |k Allgemeines, Recht und Gesellschaft  |0 (DE-627)1271441519  |0 (DE-625)rvk/123768:  |0 (DE-576)201441519 
936 r v |a PI 5000  |b Gesamtdarstellungen  |k Rechtswissenschaft  |k Allgemeine Rechtslehre und Rechtstheorie, Rechts- und Staatsphilosophie, Rechtssoziologie  |k Rechtssoziologie, Rechtstatsachenforschung  |k Gesamtdarstellungen  |0 (DE-627)1271266458  |0 (DE-625)rvk/136633:  |0 (DE-576)201266458 
951 |a BO 
ELC |b 1 
LOK |0 000 xxxxxcx a22 zn 4500 
LOK |0 001 3183323184 
LOK |0 003 DE-627 
LOK |0 004 197379974 
LOK |0 005 20020606000000 
LOK |0 008 901031||||||||||||||||ger||||||| 
LOK |0 040   |a DE-21  |c DE-627  |d DE-21 
LOK |0 852   |a DE-21 
LOK |0 852 1  |c KB 12 A 302  |9 00 
LOK |0 935   |a krim 
LOK |0 936ln  |a k2.1 
LOK |0 939   |a 31-10-90  |b l01 
ORI |a SA-MARC-krimdoka001.raw 
SIG |a UB: KB 12 A 302